00572cam a2200193 a 4500999000900000008004100009020001500050040000800065082002000073100002600093245005500119260005300174300003300227500002000260504002600280650002800306650003200334942001200366 c8d8820528s1983 njua b 001 0 eng  a0136373550 aDLC00a621.381/7352191 aGayakwad, Ramakant A.10aOp-amps and linear integrated circuit technology / aEnglewood Cliffs, N.J. :bPrentice-Hall,cc1983. axx, 507 p. :bill. ;c24 cm. aIncludes index. aBibliography: p. 499. 0aOperational amplifiers. 0aLinear integrated circuits. 2ddccBK